000 00322nam a22001457a 4500
008 230613b ||||| |||| 00| 0 eng d
020 _a9780883852055
041 _aeng
080 _2PART 1
_a51
082 _a51APO
100 _a22
101 _aMATE
245 _aA CENTURY OF CALCULUS
_cAPOSTOL.M.T
942 _2udc
_cBK
999 _c59956
_d59956